000 00905nas a2200325 4500
001 BR2016002447
003 BR-BrBNA
005 20231205130416.0
007 ta
008 230509b bl.|||p| |||| 00| 00por d
040 _aBR-BrBNA
_bpor
_cBiblioteca Nacional de Agricultura
041 _a(En)
072 _aH60; F30
100 1 _aPiccinini, F.
100 1 _aMartin, T.N.
100 1 _aMachado, S.L.O.
100 1 _aKruse, N.D.
100 1 _aSchmatz, R.
245 1 _aSoybeans competitiveness with morning glory
650 _aSOJA
650 _aCORDA DE VIOLA
650 _aERVA DANINHA
650 _aHERBICIDA
650 _aCOMPETIÇÃO DE VARIEDADE
650 _aMATÉRIA SECA
650 _aÁREA FOLIAR
773 0 _tPlanta Daninha (Brazil)
_xISSN 0100-8358
_g(Jan-Mar 2016), v. 34(1) p. 25-33
_wBR2016002447
909 _a202311
_bLúcia
_c55
_dLúcia Elande
942 _2AGRIS
_n0
_cANA
999 _c249287
_d249287